书目信息 |
| 题名: |
大气候
|
|
| 作者: | 李昌平 著 | |
| 分册: | ||
| 出版信息: | 西安 陕西人民出版社 2009.03 |
|
| 页数: | 292页 | |
| 开本: | 24cm | |
| 丛书名: | ||
| 单 册: | ||
| 中图分类: | F32 | |
| 科图分类: | ||
| 主题词: | 农业经济--nong ye jing ji--调查报告--中国 | |
| 电子资源: | ||
| ISBN: | 978-7-224-08820-5 | |
| 000 | 01031nam0 2200241 450 | |
| 001 | 012009337561 | |
| 005 | 20090917154035.48 | |
| 010 | @a978-7-224-08820-5@dCNY28.00 | |
| 100 | @a20090917d2009 em y0chiy0120 ea | |
| 101 | 0 | @achi |
| 102 | @aCN@b610000 | |
| 105 | @ay z 000yy | |
| 106 | @ar | |
| 200 | 1 | @a大气候@Ada qi hou@e李昌平直言“三农”@f李昌平著@Fli chang ping zhu |
| 210 | @a西安@c陕西人民出版社@d2009.03 | |
| 215 | @a292页@d24cm | |
| 330 | @a本书根据作者数年来的思考沉淀,结合当下重点热门话题,融入其对三中全会以来农村形势、政策变化的最新观点,一气呵成地展现出作者对“三农”问题体系化的整体见解,延续了作者向总理说实话、向百姓说真话的仗义执言的代言者形象。他告诉我们:除了在走向繁荣文明的北京、上海、广州、深圳等地方看到的中国,还有另外一个中国,是乡土中国。 | |
| 517 | 1 | @a李昌平直言“三农”@Ali chang ping zhi yan“san nong” |
| 606 | 0 | @a农业经济@Anong ye jing ji@x调查报告@y中国 |
| 690 | @aF32@v4 | |
| 701 | 0 | @a李昌平@Ali chang ping@4著 |
| 801 | 0 | @aCN@bQSSK@c20090917 |
| 905 | @b753965-67@dF32@eL134@f3 | |
| 大气候:李昌平直言“三农”/李昌平著.-西安:陕西人民出版社,2009.03 |
| 292页;24cm |
| ISBN 978-7-224-08820-5:CNY28.00 |
| 本书根据作者数年来的思考沉淀,结合当下重点热门话题,融入其对三中全会以来农村形势、政策变化的最新观点,一气呵成地展现出作者对“三农”问题体系化的整体见解,延续了作者向总理说实话、向百姓说真话的仗义执言的代言者形象。他告诉我们:除了在走向繁荣文明的北京、上海、广州、深圳等地方看到的中国,还有另外一个中国,是乡土中国。 |
| ● |
| 相关链接 |
|
|
|
正题名:大气候
索取号:F32/L134
 
预约/预借
| 序号 | 登录号 | 条形码 | 馆藏地/架位号 | 状态 | 备注 |
| 1 | 753965 | 207539653 | 社科库409/409社科库 32排6列3层/ [索取号:F32/L134] | 在馆 | |
| 2 | 753966 | 207539662 | 社科库409/409社科库 32排6列3层/ [索取号:F32/L134] | 在馆 | |
| 3 | 753967 | 207539671 | 社科库409/409社科库 32排6列3层/ [索取号:F32/L134] | 在馆 |